|
|
|
|
| LEADER |
00000nab a2200000 4500 |
| 001 |
vtls012125425 |
| 003 |
SK-MaSNL |
| 005 |
20260318132838.0 |
| 008 |
220301|2022 xo |||| || ||00 0|hun |
| 015 |
|
|
|a SNBRB2022/02
|
| 040 |
|
|
|a DSZK
|b slo
|c DSZK
|e rda
|
| 041 |
|
|
|a hun
|
| 043 |
|
|
|a e-xo---
|
| 044 |
|
|
|a xo
|c SK
|
| 072 |
|
7 |
|a 785
|x Inštrumentálna hudba. Symfonická hudba. Hudba pre viac nástrojov
|2 konspekt
|
| 080 |
|
|
|a 785.16.071
|2 2011
|
| 100 |
1 |
|
|a Juhász, Katalin,
|d 1969-
|4 aut
|9 102317
|
| 245 |
1 |
0 |
|a Fókuszban a régió antisztárjai
|c Juhász Katalin
|
| 300 |
|
|
|b Fotografie
|
| 336 |
|
|
|a text
|b txt
|2 rdacontent
|
| 337 |
|
|
|a bez média
|b n
|2 rdamedia
|
| 338 |
|
|
|a zväzok
|b nc
|2 rdacarrier
|
| 610 |
2 |
7 |
|a KicsiAutó (hudobná skupina)
|2 dszk
|9 1195039
|
| 650 |
0 |
7 |
|a hudobné skupiny
|2 SNKPH
|9 3429
|
| 651 |
|
7 |
|a Šamorín (Slovensko)
|2 SNKPHgeo
|9 28925
|
| 773 |
0 |
|
|t Új szó
|g Évf. 75, sz. 39 (2022.02.17.), o. 8
|x 1335-7050
|
| 958 |
|
|
|a SK
|
| 958 |
|
|
|a HU
|
| 958 |
|
|
|a RG
|
| 999 |
|
|
|c 2079634
|d 2081564
|